00277nam a22001097a 4500082001800000100002300018245005800041250000800099260003300107300000800140650001900148 a617.632 ,E14R aREDDY ,SHANTIPRIYA aESSENTIALS OF CLINICAL PERIODONTOLOGY & PERIODONTICS. a4TH aDELHIbJAYPEE BROTHERSc2014 a457 aPERIODONTOLOGY